[Event "Titled Tue 17th Jun Early"]
[Site "chess.com INT"]
[Date "2025.06.17"]
[Round "10"]
[White "Mamedyarov, Shakhriyar"]
[Black "Gholami Orimi, Mahdi"]
[Result "0-1"]
[WhiteTitle "GM"]
[BlackTitle "GM"]
[WhiteElo "2746"]
[BlackElo "2511"]
[WhiteFideId "13401319"]
[BlackFideId "12558486"]
[EventDate "2025.06.17"]

1. c4 e6 2. Nc3 d5 3. d4 Bb4 4. cxd5 exd5 5. Bf4 c6 6. e3 Ne7 7. Bd3 Bf5 8. Ne2
O-O 9. O-O Re8 10. a3 Bd6 11. Bxf5 Nxf5 12. Qd3 g6 13. Rae1 Nd7 14. Bxd6 Nxd6
15. Ng3 h5 16. f3 h4 17. Nh1 Nf6 18. Nf2 Nh5 19. b3 Kg7 20. Nh3 Qb6 21. Na4 Qb5
22. Qd2 Qxb3 23. Nc5 Qxa3 24. e4 Nc4 25. Qg5 b6 26. Nd7 Qd6 27. Ne5 Nxe5 28.
dxe5 Rxe5 29. Qxh4 dxe4 30. fxe4 a5 31. g4 Nf6 32. Ng5 Qc5+ 33. Kh1 Rxg5 34. e5
Qd5+ 35. Kg1 Rxg4+ 0-1

[Event "Titled Tue 17th Jun Early"]
[Site "chess.com INT"]
[Date "2025.06.17"]
[Round "10"]
[White "Akshit, Kumar J"]
[Black "Sutormin, Danila"]
[Result "1-0"]
[WhiteTitle "CM"]
[BlackTitle "FM"]
[WhiteElo "2074"]
[BlackElo "2381"]
[WhiteFideId "25097431"]
[BlackFideId "24108669"]
[EventDate "2025.06.17"]

1. e4 c5 2. Nf3 d6 3. d4 cxd4 4. Nxd4 Nf6 5. Nc3 a6 6. h3 e5 7. Nb3 Be6 8. g4 h6
9. Be3 Nbd7 10. Qd2 Be7 11. O-O-O Nf8 12. f4 N6d7 13. f5 Bxb3 14. axb3 Nf6 15.
Bc4 Rc8 16. Qd3 b5 17. Bd5 Nxd5 18. Nxd5 Bg5 19. Kb1 Bxe3 20. Qxe3 Nd7 21. h4
Nf6 22. Nxf6+ Qxf6 23. g5 hxg5 24. hxg5 Rxh1 25. Rxh1 Qd8 26. Rh8+ 1-0

[Event "Titled Tue 17th Jun Early"]
[Site "chess.com INT"]
[Date "2025.06.17"]
[Round "10"]
[White "Kislinsky, Alexey"]
[Black "Bogdanov, Artyom"]
[Result "0-1"]
[WhiteTitle "GM"]
[BlackTitle "FM"]
[WhiteElo "2341"]
[BlackElo "2370"]
[WhiteFideId "14108801"]
[BlackFideId "13749200"]
[EventDate "2025.06.17"]

1. d4 Nf6 2. c4 b6 3. Nf3 Bb7 4. Nbd2 e6 5. g3 c5 6. dxc5 Bxc5 7. Bg2 d5 8. cxd5
Bxd5 9. O-O O-O 10. a3 Be7 11. b4 a5 12. b5 Nbd7 13. Bb2 Nc5 14. Nd4 Bxg2 15.
Kxg2 Qd5+ 16. f3 Rfc8 17. e4 Qb7 18. Nc6 Ne8 19. Nc4 Bf8 20. Qe2 Nd7 21. Rfd1
Nb8 22. N4e5 Nxc6 23. Nxc6 a4 24. Rd2 Nd6 25. Rc1 Ra5 26. Nxa5 bxa5 27. Rxc8
Qxc8 28. Be5 Nc4 29. Rc2 Ne3+ 30. Qxe3 Qxc2+ 31. Kh3 f6 32. Qb6 Qc4 33. Bc7 Qf1+
34. Kg4 h5+ 35. Kh4 g5+ 36. Kxh5 Qh3+ 37. Kg6 Qh6# 0-1

[Event "Titled Tue 17th Jun Early"]
[Site "chess.com INT"]
[Date "2025.06.17"]
[Round "10"]
[White "Novikova, Marharyta"]
[Black "Newansa, M Esandi"]
[Result "0-1"]
[WhiteTitle "WCM"]
[BlackTitle "WCM"]
[WhiteElo "1974"]
[BlackElo "1945"]
[WhiteFideId "14109689"]
[BlackFideId "9999060"]
[EventDate "2025.06.17"]

1. e4 c6 2. d4 d5 3. exd5 cxd5 4. Bd3 Nc6 5. Nf3 Bg4 6. c3 e6 7. Be3 Bd6 8. Nbd2
Bc7 9. Qb3 Rb8 10. Qa4 Ne7 11. Ne5 Bh5 12. Bb5 O-O 13. Ndf3 Nxe5 14. Nxe5 a6 15.
Be2 Bxe2 16. Kxe2 Bxe5 17. dxe5 Nc6 18. f4 Qh4 19. Qd1 Rfd8 20. Qe1 Qg4+ 21. Kf2
d4 22. cxd4 Nxd4 23. h3 Qf5 24. Rc1 Nc6 25. Qc3 Rd3 26. Qc5 Rbd8 27. Rhe1 R8d5
28. Qb6 Rb5 29. Qc7 Rxb2+ 30. Kg1 h6 31. Rcd1 Rxd1 32. Rxd1 Qe4 33. Re1 Qxg2# 0-1

[Event "Titled Tue 17th Jun Early"]
[Site "chess.com INT"]
[Date "2025.06.17"]
[Round "10"]
[White "Terry, Renato"]
[Black "Nguyen, Ngoc Truong Son"]
[Result "1-0"]
[WhiteTitle "IM"]
[BlackTitle "GM"]
[WhiteElo "2508"]
[BlackElo "2600"]
[WhiteFideId "3803457"]
[BlackFideId "12401110"]
[EventDate "2025.06.17"]

1. Nf3 Nf6 2. d4 d5 3. c4 e6 4. Nc3 Be7 5. Bf4 O-O 6. e3 c5 7. dxc5 dxc4 8. a3
Qxd1+ 9. Rxd1 Bxc5 10. Ne5 b6 11. Bxc4 Bb7 12. O-O Nc6 13. Nd7 Nxd7 14. Rxd7 Na5
15. Be2 Bc6 16. Rc7 e5 17. Bxe5 Rfe8 18. Bf4 b5 19. b4 Bb6 20. bxa5 Bxc7 21.
Bxc7 Rac8 22. Bd6 a6 23. Bb4 Red8 24. f3 Bd5 25. Rd1 Bb3 26. Rxd8+ Rxd8 27. Kf2
f5 28. e4 g6 29. Ke3 Kf7 30. Bd3 Be6 31. g3 Kf6 32. Bc5 Rc8 33. Bd4+ Ke7 34.
exf5 gxf5 35. Ne2 Kd6 36. Bc3 Re8 37. Bb4+ Kc7 38. Kd2 Rd8 39. Kc3 Bd5 40. Nd4
f4 41. gxf4 h5 42. f5 1-0

[Event "Titled Tue 17th Jun Early"]
[Site "chess.com INT"]
[Date "2025.06.17"]
[Round "10"]
[White "Savitha, Shri B"]
[Black "Kozak, Antoni"]
[Result "0-1"]
[WhiteTitle "IM"]
[WhiteElo "2293"]
[BlackElo "2426"]
[WhiteFideId "35061887"]
[BlackFideId "21832030"]
[EventDate "2025.06.17"]

1. e4 Nc6 2. d4 d5 3. e5 Bf5 4. c3 e6 5. Bd3 Bxd3 6. Qxd3 f6 7. f4 Nh6 8. Nf3
Qd7 9. b4 Nf5 10. g4 Nh6 11. g5 fxg5 12. fxg5 Nf5 13. Be3 h6 14. Nbd2 hxg5 15.
Bxg5 Rh3 16. Qf1 Rh5 17. Qb5 a6 18. Qe2 Ng3 19. Qd3 Nxh1 20. Ke2 Qf7 21. Rxh1
Be7 22. Be3 Kd7 23. b5 axb5 24. Qxb5 Rxa2 25. c4 dxc4 26. Qxc4 Ra5 27. Rb1 Qe8
28. Rxb7 Qa8 29. Rb1 Qa6 30. Qxa6 Rxa6 31. Kd3 Nb4+ 32. Ke4 Nd5 33. Nb3 Nc3+ 0-1

[Event "Titled Tue 17th Jun Early"]
[Site "chess.com INT"]
[Date "2025.06.17"]
[Round "10"]
[White "Zieba, Hubert"]
[Black "Deveci, Huseyin Said"]
[Result "1-0"]
[WhiteTitle "CM"]
[BlackTitle "CM"]
[WhiteElo "2233"]
[BlackElo "2212"]
[WhiteFideId "21844704"]
[BlackFideId "26322455"]
[EventDate "2025.06.17"]

1. d4 Nf6 2. c4 c5 3. d5 b5 4. cxb5 a6 5. bxa6 e6 6. Nc3 exd5 7. Nxd5 Be7 8. Nf3
Bxa6 9. e3 Bxf1 10. Kxf1 O-O 11. h3 Nc6 12. Kg1 Nxd5 13. Qxd5 Nb4 14. Qd1 Bf6
15. Kh2 Nxa2 16. Qb3 Nxc1 17. Rhxc1 Rxa1 18. Rxa1 Qc7+ 19. g3 Rb8 20. Qd5 g6 21.
Rc1 Rxb2 22. Kg2 d6 23. Rd1 Rb6 24. Nd2 Qc6 25. Nc4 Qxd5+ 26. Rxd5 Rc6 27. Rxd6
Rxd6 28. Nxd6 Kf8 29. Kf3 Ke7 30. Ne4 c4 31. Nxf6 Kxf6 32. Ke4 h5 33. Kd4 g5 34.
Kxc4 g4 35. hxg4 hxg4 36. Kd4 Kf5 37. Kd5 f6 38. Kd4 Kg5 39. Ke4 Kg6 40. Kf4 f5
41. e4 fxe4 42. Kxe4 Kg5 43. Ke5 Kg6 44. Kf4 Kh5 45. Kf5 Kh6 46. Kxg4 1-0

[Event "Titled Tue 17th Jun Early"]
[Site "chess.com INT"]
[Date "2025.06.17"]
[Round "10"]
[White "Gu, Xiaobing"]
[Black "Buyankhishig, Batpelden"]
[Result "0-1"]
[WhiteTitle "WGM"]
[BlackTitle "WFM"]
[WhiteElo "2148"]
[BlackElo "2015"]
[WhiteFideId "8602611"]
[BlackFideId "4923537"]
[EventDate "2025.06.17"]

1. e4 e5 2. Nf3 Nc6 3. d4 exd4 4. Bc4 Nf6 5. e5 d5 6. Bb5 Ne4 7. Nxd4 Bd7 8.
Bxc6 bxc6 9. O-O Bc5 10. f3 Ng5 11. Be3 O-O 12. f4 Ne4 13. Nd2 Nxd2 14. Qxd2 Qb8
15. Nb3 Bxe3+ 16. Qxe3 Bf5 17. c3 Qb6 18. Nc5 a5 19. Rf2 a4 20. h3 Ra5 21. g4
Be4 22. f5 Qxc5 23. Qg5 f6 24. Qh5 fxe5 25. Rf1 Bd3 26. Re1 e4 27. Kg2 e3 28.
Rf4 Be4+ 29. Kg3 e2 30. Qg5 Qe3+ 31. Kh4 Rf6 0-1

[Event "Titled Tue 17th Jun Early"]
[Site "chess.com INT"]
[Date "2025.06.17"]
[Round "10"]
[White "Lazaro Azcutia, Miguel"]
[Black "Lyutsinger, Iren"]
[Result "1-0"]
[WhiteTitle "CM"]
[BlackTitle "FM"]
[WhiteElo "2275"]
[BlackElo "2261"]
[WhiteFideId "54538254"]
[BlackFideId "34425969"]
[EventDate "2025.06.17"]

1. e4 e5 2. Nf3 Nc6 3. Bb5 Bd6 4. O-O Nf6 5. Re1 O-O 6. c3 Re8 7. d4 Qe7 8. Bg5
h6 9. Bh4 a6 10. Bxc6 dxc6 11. Nbd2 Bg4 12. h3 Bh5 13. Qc2 Rad8 14. Nc4 b5 15.
Ncxe5 Bxf3 16. Bxf6 Qxf6 17. Nxf3 Bf4 18. e5 Qe7 19. h4 h5 20. Qf5 Bh6 21. Qxh5
c5 22. Rad1 c4 23. d5 Qc5 24. Rd4 Rxd5 25. Rg4 Kf8 26. Ng5 Re7 27. Nh7+ Ke8 28.
Qxh6 Rdxe5 29. Rxe5 Qxe5 30. Qxg7 Qe1+ 31. Kh2 Qxf2 32. Nf6+ Kd8 33. Qf8+ 1-0

[Event "Titled Tue 17th Jun Early"]
[Site "chess.com INT"]
[Date "2025.06.17"]
[Round "10"]
[White "Skliarov, Viktor"]
[Black "Balavignan, Ashvin"]
[Result "1-0"]
[WhiteTitle "IM"]
[BlackTitle "CM"]
[WhiteElo "2334"]
[BlackElo "2023"]
[WhiteFideId "14106736"]
[BlackFideId "3261425"]
[EventDate "2025.06.17"]

1. e4 e6 2. d4 d5 3. e5 c5 4. c3 Nc6 5. Nf3 Qb6 6. a3 c4 7. Nbd2 Na5 8. g3 Bd7
9. h4 O-O-O 10. Bh3 Kb8 11. Ng5 Be8 12. Qf3 Qc7 13. Nxe6 fxe6 14. Qxf8 Bh5 15.
Qf4 Qe7 16. O-O h6 17. Kh2 g5 18. Qe3 gxh4 19. g4 Bg6 20. f4 h5 21. f5 hxg4 22.
fxg6 gxh3 23. Rf7 Qe8 24. Qg5 Rd7 25. Nf3 Rxf7 26. gxf7 Qxf7 27. Qd8# 1-0

[Event "Titled Tue 17th Jun Early"]
[Site "chess.com INT"]
[Date "2025.06.17"]
[Round "10"]
[White "Malikova, Marjona"]
[Black "Khazan, Yevgeny"]
[Result "1-0"]
[WhiteTitle "WIM"]
[BlackTitle "CM"]
[WhiteElo "2055"]
[BlackElo "2135"]
[WhiteFideId "14212463"]
[BlackFideId "2806193"]
[EventDate "2025.06.17"]

1. d4 Nf6 2. c4 g6 3. Nc3 d5 4. cxd5 Nxd5 5. Bd2 Bg7 6. e4 Nb6 7. Be3 O-O 8. h3
Nc6 9. Nf3 f5 10. d5 fxe4 11. dxc6 Qxd1+ 12. Rxd1 exf3 13. Bc5 Bxc3+ 14. bxc3
bxc6 15. gxf3 Be6 16. Bg2 Bxa2 17. O-O Nd5 18. Ra1 Nxc3 19. Rfe1 Bd5 20. Rxe7
Ne2+ 21. Rxe2 Bxf3 22. Re7 Bxg2 23. Kxg2 Rf5 24. Bd4 Rf7 25. Rxf7 Kxf7 26. Rxa7
Rxa7 27. Bxa7 Ke6 28. Kf3 Kd5 29. Kg4 c5 30. Kg5 Kc6 31. Kh6 c4 32. Kxh7 c3 33.
Kxg6 c2 34. Be3 Kd5 35. h4 Ke4 36. h5 Kd3 37. h6 Ke2 38. h7 Kd1 39. h8=Q c1=Q
40. Qh1+ Ke2 41. Qxc1 1-0

[Event "Titled Tue 17th Jun Early"]
[Site "chess.com INT"]
[Date "2025.06.17"]
[Round "10"]
[White "Yatskar, Martin"]
[Black "Sitnic, Adnan"]
[Result "1-0"]
[WhiteTitle "CM"]
[BlackTitle "CM"]
[WhiteElo "2225"]
[BlackElo "2058"]
[WhiteFideId "34109676"]
[BlackFideId "14403854"]
[EventDate "2025.06.17"]

1. d4 Nf6 2. c4 e6 3. Nc3 Bb4 4. Qc2 c5 5. dxc5 O-O 6. a3 Bxc5 7. b4 Be7 8. Nf3
d5 9. Bg5 dxc4 10. e4 Nc6 11. Rd1 Qc7 12. Nb5 Qb8 13. Bxc4 a6 14. Nc3 Qc7 15.
Bb3 Ne5 16. Nxe5 Qxe5 17. f4 Qc7 18. e5 Ne8 19. Bxe7 Qxe7 20. Ne4 b6 21. O-O Bb7
22. Nd6 Nxd6 23. exd6 Qf6 24. Qc7 Bxg2 25. Kxg2 Rac8 26. Qxb6 Qb2+ 27. Rf2 Qxb3
28. Rdd2 Rc1 29. d7 Qb1 30. d8=Q Qe4+ 31. Rf3 Qg6+ 32. Rg3 Qe4+ 33. Kh3 Qf5+ 34.
Rg4 Rc3+ 35. Kh4 h5 36. Qxf8+ Kh7 37. Qxg7# 1-0

[Event "Titled Tue 17th Jun Early"]
[Site "chess.com INT"]
[Date "2025.06.17"]
[Round "10"]
[White "Seder, Mohammed"]
[Black "Kapra, Jerjis"]
[Result "0-1"]
[WhiteTitle "FM"]
[WhiteElo "2075"]
[BlackElo "2055"]
[WhiteFideId "11505567"]
[BlackFideId "2640341"]
[EventDate "2025.06.17"]

1. d4 d6 2. Nc3 Nf6 3. e4 e5 4. Nf3 Nbd7 5. Bc4 Be7 6. dxe5 dxe5 7. O-O O-O 8.
h3 c6 9. a4 Qc7 10. Qe2 a5 11. Be3 Bc5 12. Rad1 Qb6 13. Bxc5 Nxc5 14. b3 Qc7 15.
Rd2 h6 16. Rfd1 Be6 17. Ne1 Rad8 18. Nf3 Rxd2 19. Rxd2 Re8 20. Nh4 g6 21. Nf3
Kg7 22. g3 Bxh3 23. Qe3 Ne6 24. Bxe6 Bxe6 25. Qd3 Bg4 26. Nh2 Be6 27. Qd6 Qxd6
28. Rxd6 Nd7 29. Nf3 Kf8 30. Kg2 Ke7 31. Rd2 f6 32. Nd1 h5 33. Ne3 Nc5 34. Re2
Nxe4 35. Nc4 Bxc4 36. Rxe4 Bd5 37. Re3 Bxf3+ 38. Kxf3 Rd8 39. Re2 Ke6 40. Ke4
f5+ 41. Ke3 Rd5 42. f4 e4 43. Re1 Kd7 44. Rh1 Kc7 45. Re1 Kb6 46. Rc1 Kc5 47. c3
Rd3+ 48. Kf2 Rd2+ 49. Ke3 Rg2 50. b4+ Kb6 0-1

[Event "Titled Tue 17th Jun Early"]
[Site "chess.com INT"]
[Date "2025.06.17"]
[Round "10"]
[White "Swara Lakshmi S Nair"]
[Black "Yezhel, Valiantsin"]
[Result "1/2-1/2"]
[WhiteTitle "WCM"]
[BlackTitle "FM"]
[WhiteElo "2187"]
[BlackElo "2256"]
[WhiteFideId "25629239"]
[BlackFideId "13504983"]
[EventDate "2025.06.17"]

1. e4 Nh6 2. d4 g6 3. Be3 f6 4. Bc4 e6 5. e5 f5 6. h4 Nf7 7. Qd2 h6 8. Nc3 a6 9.
Bb3 b5 10. d5 Nxe5 11. dxe6 dxe6 12. Qxd8+ Kxd8 13. O-O-O+ Bd6 14. Bd4 Ke7 15.
Nf3 Nbc6 16. Nxe5 Bxe5 17. Bxe5 Nxe5 18. Rhe1 Ng4 19. f3 Nf6 20. Re5 Kf7 21. Ne2
Bd7 22. Nf4 Rhe8 23. Rde1 Rad8 24. Nxe6 Bxe6 25. Rxe6 Rxe6 26. Rxe6 c5 27. Rd6+
Ke7 28. Re6+ Kf7 29. Rd6+ Ke7 30. Re6+ Kf7 1/2-1/2

[Event "Titled Tue 17th Jun Early"]
[Site "chess.com INT"]
[Date "2025.06.17"]
[Round "10"]
[White "Parfenov, Viktor N."]
[Black "Popov, Tikhon"]
[Result "0-1"]
[WhiteTitle "CM"]
[BlackTitle "CM"]
[WhiteElo "2193"]
[BlackElo "2173"]
[WhiteFideId "4165969"]
[BlackFideId "24252026"]
[EventDate "2025.06.17"]

1. d4 Nf6 2. c4 e5 3. dxe5 Ng4 4. e3 Nxe5 5. Nh3 Bb4+ 6. Bd2 Qe7 7. Nf4 Bxd2+ 8.
Qxd2 O-O 9. Nc3 d6 10. Be2 Nbc6 11. O-O Be6 12. Ncd5 Bxd5 13. cxd5 Nd8 14. Rac1
Rc8 15. Rc2 Ng6 16. Nxg6 hxg6 17. Rfc1 c5 18. dxc6 bxc6 19. b4 Rb8 20. a3 d5 21.
g3 Re8 22. Qd4 Ne6 23. Qg4 a5 24. bxa5 Qxa3 25. a6 c5 26. Rd1 d4 27. Rd3 Qxa6
28. exd4 Qa4 29. d5 Nd4 30. Bd1 Re1+ 31. Kg2 Rxd1 32. Qxd1 Nxc2 33. d6 Qe4+ 34.
f3 Qxd3 35. Qxd3 Ne1+ 36. Kf1 Nxd3 0-1

[Event "Titled Tue 17th Jun Early"]
[Site "chess.com INT"]
[Date "2025.06.17"]
[Round "10"]
[White "Rogov, Matfey"]
[Black "Bulgak, Damir"]
[Result "0-1"]
[WhiteTitle "FM"]
[BlackTitle "CM"]
[WhiteElo "2348"]
[BlackElo "2213"]
[WhiteFideId "44191308"]
[BlackFideId "13528882"]
[EventDate "2025.06.17"]

1. f4 e5 2. fxe5 d6 3. exd6 Bxd6 4. Nf3 Nf6 5. Nc3 Ng4 6. e4 Nxh2 7. e5 Nxf3+ 8.
Qxf3 Bxe5 9. Bc4 Qe7 10. Nd5 Qd6 11. d4 Bg3+ 12. Kf1 Be6 13. Bg5 Nc6 14. Rd1 Na5
15. b3 Nxc4 16. bxc4 f6 17. Bf4 Bxf4 18. Nxf4 Bxc4+ 19. Kf2 O-O-O 20. Rb1 c6 21.
c3 Kb8 22. Rhe1 Rhe8 23. a4 g5 24. Nd3 Bd5 25. Qg3 Qxg3+ 26. Kxg3 Kc7 27. Nc5 b6
28. Na6+ Kd6 29. Nb4 Be4 0-1

[Event "Titled Tue 17th Jun Early"]
[Site "chess.com INT"]
[Date "2025.06.17"]
[Round "10"]
[White "Rustemov, Alexander"]
[Black "Nakonechnyi, Oleksii"]
[Result "1-0"]
[WhiteTitle "GM"]
[BlackTitle "CM"]
[WhiteElo "2525"]
[BlackElo "2222"]
[WhiteFideId "4119002"]
[BlackFideId "34173714"]
[EventDate "2025.06.17"]

1. d4 Nf6 2. c4 g6 3. Nf3 Bg7 4. g3 O-O 5. Bg2 d6 6. Nc3 Nc6 7. O-O e5 8. d5 Ne7
9. e4 h6 10. Ne1 Kh7 11. Nd3 Nfg8 12. f4 exf4 13. gxf4 f5 14. e5 c6 15. exd6
Qxd6 16. c5 Bd4+ 17. Kh1 Bxc5 18. Nxc5 Qxc5 19. d6 Nd5 20. Nxd5 cxd5 21. Qxd5
Qxd5 22. Bxd5 Nf6 23. Bf3 Rd8 24. Rd1 Rb8 25. Be3 b6 26. Rac1 Ne4 27. Rc7+ Kg8
28. Bxe4 fxe4 29. d7 Bb7 30. f5 g5 31. Rd6 Kh7 32. h4 gxh4 33. Rxh6+ Kg7 34.
Rxh4 Bd5 35. Bd4+ Kg8 36. Rh8+ Kf7 37. Rh7+ Kg8 38. Rg7+ Kf8 39. Kg1 Rb7 40. Rc8
Rb8 41. Rxb8 Rxb8 42. Bf6 Bf7 43. Rxf7+ Kxf7 44. d8=Q Rxd8 45. Bxd8 1-0

[Event "Titled Tue 17th Jun Early"]
[Site "chess.com INT"]
[Date "2025.06.17"]
[Round "10"]
[White "Bardyk, Artem"]
[Black "Sarquis, Maria Belen"]
[Result "1-0"]
[WhiteTitle "FM"]
[BlackTitle "WIM"]
[WhiteElo "2260"]
[BlackElo "2156"]
[WhiteFideId "34349979"]
[BlackFideId "111805"]
[EventDate "2025.06.17"]

1. e4 e5 2. Nf3 Nc6 3. Nc3 Nf6 4. a4 Bb4 5. Bd3 a6 6. Nd5 Bc5 7. c3 d6 8. Nxf6+
Qxf6 9. h3 Ne7 10. Bc2 Ba7 11. O-O O-O 12. d3 h6 13. Be3 Ng6 14. d4 Nf4 15. Re1
Bd7 16. dxe5 Nxh3+ 17. gxh3 Qg6+ 18. Kh2 Qh5 19. Ng1 Qxe5+ 20. f4 Qf6 21. Qf3
Rfe8 22. Bxa7 Rxa7 23. Rad1 Bc6 24. Ne2 Raa8 25. Nd4 Bd7 26. e5 dxe5 27. fxe5
Qg5 28. e6 fxe6 29. Qe4 e5 30. Nf3 Qf6 31. Rxd7 1-0

[Event "Titled Tue 17th Jun Early"]
[Site "chess.com INT"]
[Date "2025.06.17"]
[Round "10"]
[White "Injac, Teodora"]
[Black "Bratovic, Blaz"]
[Result "1-0"]
[WhiteTitle "IM"]
[BlackTitle "IM"]
[WhiteElo "2457"]
[BlackElo "2319"]
[WhiteFideId "932400"]
[BlackFideId "14603551"]
[EventDate "2025.06.17"]

1. Nf3 f6 2. d4 f5 3. g3 Nf6 4. Bg2 e6 5. O-O d5 6. b3 Bd6 7. c4 O-O 8. Ba3 b6
9. Bxd6 cxd6 10. Nc3 Bb7 11. Nd2 Ne4 12. Rc1 Nd7 13. cxd5 exd5 14. Nb5 Ndf6 15.
Nc7 Qd7 16. Nxa8 Bxa8 17. f3 Ng5 18. Qc2 f4 19. Qc7 Qe6 20. gxf4 Qe3+ 21. Kh1
Ne6 22. Qc3 Qxf4 23. e3 Qh4 24. Nb1 Bb7 25. Qe1 Qh6 26. Nc3 Ba6 27. Rg1 Nh5 28.
Nxd5 Re8 29. Qh4 g5 30. Qxh5 1-0

[Event "Titled Tue 17th Jun Early"]
[Site "chess.com INT"]
[Date "2025.06.17"]
[Round "10"]
[White "Essing, Arnold"]
[Black "Myagmarsuren, Evsuld"]
[Result "0-1"]
[WhiteTitle "FM"]
[BlackTitle "FM"]
[WhiteElo "2197"]
[BlackElo "2292"]
[WhiteFideId "4619862"]
[BlackFideId "1551639"]
[EventDate "2025.06.17"]

1. d4 Nf6 2. Nf3 g6 3. c4 c5 4. d5 e6 5. Nc3 exd5 6. cxd5 d6 7. e4 Bg7 8. Be2
O-O 9. Bg5 h6 10. Bh4 Bg4 11. Nd2 Bxe2 12. Qxe2 Re8 13. O-O a6 14. a4 Nbd7 15.
Nc4 Qc7 16. f4 Nxe4 17. Nxe4 f5 18. Ncxd6 Qxd6 19. Nxd6 Rxe2 20. Nc4 Rae8 21.
Rae1 Bd4+ 22. Kh1 b5 23. axb5 axb5 24. Nd6 Rxe1 25. Rxe1 Rxe1+ 26. Bxe1 b4 27.
Nc4 Kf7 28. g3 Nf6 29. d6 Ke6 30. Kg2 Ne4 31. Kf3 Nxd6 32. Nxd6 Kxd6 33. b3 Kd5
34. Ke2 c4 35. bxc4+ Kxc4 0-1

[Event "Titled Tue 17th Jun Early"]
[Site "chess.com INT"]
[Date "2025.06.17"]
[Round "10"]
[White "Reshetnikov, Alexey"]
[Black "Oro, Faustino"]
[Result "1-0"]
[WhiteTitle "IM"]
[BlackTitle "IM"]
[WhiteElo "2492"]
[BlackElo "2465"]
[WhiteFideId "4162080"]
[BlackFideId "20000197"]
[EventDate "2025.06.17"]

1. d4 Nf6 2. c4 e6 3. Nc3 Bb4 4. e3 O-O 5. Nf3 b6 6. Bd2 Bb7 7. Bd3 d5 8. cxd5
exd5 9. O-O Re8 10. Rc1 a6 11. Ne5 Bd6 12. f4 c5 13. Be1 Nc6 14. Ne2 Ne4 15.
Bxe4 dxe4 16. Qb3 Qc7 17. Nxc6 Bxc6 18. dxc5 bxc5 19. Ng3 Rab8 20. Qd1 Bf8 21.
Bc3 Rbd8 22. Qg4 Qd7 23. f5 Qd3 24. Rce1 Qd6 25. Bxg7 Bxg7 26. f6 Qf8 27. Nf5
Re6 28. Nxg7 Kh8 29. Nxe6 fxe6 30. f7 1-0

[Event "Titled Tue 17th Jun Early"]
[Site "chess.com INT"]
[Date "2025.06.17"]
[Round "10"]
[White "Leinov, Roman"]
[Black "Onur, Cigdem"]
[Result "1-0"]
[WhiteTitle "CM"]
[BlackTitle "WCM"]
[WhiteElo "2120"]
[BlackElo "1956"]
[WhiteFideId "13504649"]
[BlackFideId "6346030"]
[EventDate "2025.06.17"]

1. Nf3 d5 2. g3 g6 3. Bg2 Bg7 4. O-O Nf6 5. d4 c6 6. c4 Bg4 7. Ne5 Bf5 8. Nc3
O-O 9. cxd5 cxd5 10. Qb3 Nc6 11. Be3 Nxe5 12. dxe5 Ng4 13. Bd4 Nxe5 14. Rfd1 e6
15. Bxe5 Bxe5 16. e4 Bg4 17. f3 Bh5 18. exd5 Qf6 19. Ne4 Bxf3 20. Nxf6+ Bxf6 21.
Bxf3 1-0

[Event "Titled Tue 17th Jun Early"]
[Site "chess.com INT"]
[Date "2025.06.17"]
[Round "10"]
[White "Zhigalko, Sergei"]
[Black "Deac, Bogdan-Daniel"]
[Result "1-0"]
[WhiteTitle "GM"]
[BlackTitle "GM"]
[WhiteElo "2572"]
[BlackElo "2674"]
[WhiteFideId "13502956"]
[BlackFideId "1226380"]
[EventDate "2025.06.17"]

1. e4 e5 2. Nf3 Nc6 3. Bc4 Nf6 4. d3 Be7 5. O-O O-O 6. Nbd2 d6 7. c3 Na5 8. Bb5
a6 9. Ba4 b5 10. Bc2 c5 11. Re1 Nc6 12. Nf1 Re8 13. Ng3 Bf8 14. h3 d5 15. Bg5 d4
16. cxd4 cxd4 17. Bb3 Be6 18. Nh5 Bxb3 19. Qxb3 Be7 20. Bxf6 Bxf6 21. Rac1 Rc8
22. Nxf6+ Qxf6 23. Rc5 Na5 24. Qc2 Rcd8 25. Rc7 h6 26. b4 Nc4 27. dxc4 d3 28.
Qd2 Qd6 29. Rc5 bxc4 30. Rxc4 1-0

[Event "Titled Tue 17th Jun Early"]
[Site "chess.com INT"]
[Date "2025.06.17"]
[Round "10"]
[White "Yao, Hanchi"]
[Black "Tarnowska, Aleksandra"]
[Result "1-0"]
[BlackTitle "WCM"]
[WhiteElo "2129"]
[BlackElo "1882"]
[WhiteFideId "30957397"]
[BlackFideId "1180967"]
[EventDate "2025.06.17"]

1. d4 d5 2. c4 e6 3. Nc3 Nf6 4. cxd5 exd5 5. Bg5 Be7 6. e3 O-O 7. Bd3 h6 8. Bh4
b6 9. Nge2 Bb7 10. O-O Nbd7 11. f3 Rc8 12. Bf2 c5 13. Rc1 a6 14. Kh1 c4 15. Bb1
b5 16. e4 dxe4 17. Nxe4 b4 18. Qc2 Re8 19. N2g3 Bxe4 20. fxe4 Nf8 21. Bg1 c3 22.
e5 Ng4 23. Ne4 cxb2 24. Qxb2 Rxc1 25. Rxc1 Bg5 26. Re1 a5 27. h3 Bh4 28. Rf1 Qd7
29. Nc5 Qc8 30. Bf5 Qc7 31. Bxg4 Ng6 32. Bh5 Bg3 33. e6 1-0

[Event "Titled Tue 17th Jun Early"]
[Site "chess.com INT"]
[Date "2025.06.17"]
[Round "10"]
[White "Karas, Marek"]
[Black "Aarit Kapil"]
[Result "1-0"]
[WhiteTitle "FM"]
[BlackTitle "CM"]
[WhiteElo "2215"]
[BlackElo "2078"]
[WhiteFideId "14928558"]
[BlackFideId "33408947"]
[EventDate "2025.06.17"]

1. d4 Nf6 2. Bg5 e6 3. e4 Be7 4. Nc3 d5 5. e5 Nfd7 6. h4 h6 7. Bxe7 Qxe7 8. Qg4
f5 9. Qg6+ Qf7 10. Qxf7+ Kxf7 11. f4 c5 12. Nf3 Nc6 13. Nb5 a6 14. Nd6+ Ke7 15.
c3 b5 16. Be2 Rb8 17. Kf2 Bb7 18. a3 c4 19. h5 Nd8 20. Nh4 Nf8 21. g4 fxg4 22.
Bxg4 Nf7 23. Nxf7 Kxf7 24. f5 Bc8 25. Ke3 a5 26. Raf1 Ke7 27. Ng6+ Nxg6 28. fxg6
Rf8 29. Rxf8 Kxf8 30. Rf1+ Kg8 31. Rf7 b4 32. axb4 axb4 33. Rc7 Kf8 34. Rf7+ Kg8
35. cxb4 Rb6 36. Kd2 Ba6 37. Kc3 Bb5 38. Ra7 Kf8 39. Rf7+ Kg8 40. Re7 Kf8 41.
Rxe6 Rxe6 42. Bxe6 Bc6 43. b5 1-0